Arbeitskreis 3: Kinder und Jugendliche in unruhigen Zeiten: was brauchen sie? Wie begleiten wir sie?

Saved in:  
Bibliographic Details
Authors: Pokorný, Anja (Author) ; König, Macus (Author)
Format: Print Article
Language:German
Published: 2024
In: Recht auf Jugend – 100 Jahre Jugendgerichtsgesetz
Year: 2024, Pages: [369]-373
Check availability: HBZ Gateway
Keywords:

MARC

LEADER 00000naa a2200000 c 4500
001 1910573221
003 DE-627
005 20241202112815.0
007 tu
008 241202s2024 xx ||||| 00| ||ger c
020 |a 9783964100429 
035 |a (DE-627)1910573221 
035 |a (DE-599)KXP1910573221 
040 |a DE-627  |b ger  |c DE-627  |e rda 
041 |a ger 
084 |a 2,1  |2 ssgn 
100 1 |a Pokorný, Anja  |e VerfasserIn  |4 aut 
245 1 0 |a Arbeitskreis 3: Kinder und Jugendliche in unruhigen Zeiten  |b was brauchen sie? Wie begleiten wir sie?  |c Anja Pokorný und Marcus König 
264 1 |c 2024 
336 |a Text  |b txt  |2 rdacontent 
337 |a ohne Hilfsmittel zu benutzen  |b n  |2 rdamedia 
338 |a Band  |b nc  |2 rdacarrier 
650 0 7 |0 (DE-588)4033203-2  |0 (DE-627)106258494  |0 (DE-576)209000600  |a Krise  |2 gnd 
650 0 7 |0 (DE-588)4016397-0  |0 (DE-627)104427175  |0 (DE-576)208915818  |a Familie  |2 gnd 
650 0 7 |0 (DE-588)4002963-3  |0 (DE-627)104152397  |0 (DE-576)208849491  |a Armut  |2 gnd 
650 4 |a Kinder und Jugendliche  |7 (dpeaa)DE-21/24-fid2,1 
650 4 |a UN-Kinderrechtskonvention  |7 (dpeaa)DE-21/24-fid2,1 
650 4 |a Corona-Pandemie  |7 (dpeaa)DE-21/24-fid2,1 
700 1 |a König, Macus  |e VerfasserIn  |4 aut 
773 0 8 |i Enthalten in  |a Deutscher Jugendgerichtstag (32. : 2023 : Berlin)  |t Recht auf Jugend – 100 Jahre Jugendgerichtsgesetz  |d Mönchengladbach : Forum Verlag Godesberg, 2024  |g (2024), Seite [369]-373  |h 449 Seiten  |w (DE-627)1887598715  |z 9783964100429  |z 3964100420  |7 nnam 
773 1 8 |g year:2024  |g pages:[369]-373 
951 |a AR 
ELC |b 1 
LOK |0 000 xxxxxcx a22 zn 4500 
LOK |0 001 4629743790 
LOK |0 003 DE-627 
LOK |0 004 1910573221 
LOK |0 005 20241202112815 
LOK |0 008 241202||||||||||||||||ger||||||| 
LOK |0 040   |a DE-21-110  |c DE-627  |d DE-21-110 
LOK |0 852   |a DE-21-110 
LOK |0 852 1  |m p  |9 00 
LOK |0 938   |k p 
LOK |0 939   |a 02-12-24  |b l01 
ORI |a SA-MARC-krimdoka001.raw